Warisan pesara
| Main Author: | |
|---|---|
| Format: | Book |
| Published: |
Kuala Lumpur :
Dewan Bahasa Dan Pustaka ,
1993
|
| Subjects: |
MARC
| LEADER | 00000cam a2200000 7i4500 | ||
|---|---|---|---|
| 001 | 0000006703 | ||
| 002 | 000007227 | ||
| 005 | 20000330.0 | ||
| 020 | |a 9836234500 | ||
| 090 | 0 | 0 | |a JF |b MOH |
| 100 | 0 | |a Mohd Khairy Hj Halimi | |
| 245 | 1 | 0 | |a Warisan pesara |c Mohd Khairy Hj Halimi |
| 260 | |a Kuala Lumpur : |b Dewan Bahasa Dan Pustaka , |c 1993 | ||
| 300 | |a 182 p. ; |c 18 cm. | ||
| 650 | 0 | 0 | |a Children's stories, Malay |
| 999 | |a 039479 |b BUKU |c YOUTH FICTION |e PERPUSTAKAAN KOMUNITI PETALING JAYA | ||